| 000 | 00805nam a2200181 a 4500 | ||
|---|---|---|---|
| 008 | 110622s1999 ||||||||||||||||| || u | ||
| 050 | _aCOMM(02) | ||
| 110 | _aCommonwealth Secretariat | ||
| 245 | 1 | 0 | _aSkills for development: the commonwealth fund for technical co-operation |
| 260 |
_aLondon: _bCommonwealth Secretariat _c1999 |
||
| 300 | _a36p. | ||
| 350 | _a0.00 | ||
| 650 | 0 | _aECONOMICS | |
| 650 | _aCOMMONWEALTH COUNTRIES | ||
| 650 | _aTECHNICAL ASSISTANCE | ||
| 995 |
_aSPECIAL COLLECTIONS _D0.00 _e03007940 _FCBU-MAIN LIBRARY (Kitwe) _H1 _I0.00 _jCOMM(02)1999/1A _M1 _UAVAILABLE _WJun 22, 2011 _yZ03007940 _ZInternational Publications |
||
| 995 |
_aSPECIAL COLLECTIONS _D0.00 _e03007941 _FCBU-MAIN LIBRARY (Kitwe) _H1 _I0.00 _jCOMM(02)1999/1B _M2 _UAVAILABLE _WJun 22, 2011 _yZ03007941 _ZInternational Publications |
||
| 999 |
_c76532 _d76532 |
||